000 00849nam a22002537a 4500
005 20170123162341.0
010 _aB-012768
020 _c90.00
035 _aB-012768
037 _bCen Lib/Ret
040 _aDPL
_bUR
082 _a841
_bن ن د
245 _aمنتخب افسانے :
_cمرتب نند کشور وکرم
_b١٩٩٨ /
246 _aMuntakhab afsane : 1998 /
_bedited by Nand Kishor Vikram
260 _aدہلی
_bپبلشرس اینڈ انڈیا
_c1999
270 _bدہلی
_aJ-6 کرشن نگر
_e110051
300 _a144p.
_c21cm(Hb)
650 _aادب -- اردو
_9127609
650 _aاردو سوانے عمری
_9127610
650 _aUrdu literature
_9127611
650 _aUrdu -- biography
_9511
700 _a نند کشور وکرم
_9127612
942 _2ddc
_cUR
_h841
_mن ن د
999 _c108562
_d108562